Loading...
Elements of Operational Research
| Main Author: | |
|---|---|
| Format: | Printed Book |
| Language: | English |
| Published: |
Delhi:
Hindustan Publishing Corporation,
1969.
|
| Edition: | 1969. |
| Subjects: |
| LEADER | 00558nam a22001574a 4500 | ||
|---|---|---|---|
| 008 | 140514n ii |||gr||||Z||||||eng | ||
| 100 | |a Ghosal,A. | ||
| 245 | 1 | |a Elements of Operational Research | |
| 250 | |a 1969. | ||
| 260 | |a Delhi: |b Hindustan Publishing Corporation, |c 1969. | ||
| 300 | |a XI;207p. | ||
| 630 | |a Statistics, Problems in Inventory Management, Problems of Congestion. | ||
| 852 | |t 1 |p STA05461 |a S- 15 R- 3 |b General |f 00000 | ||
| 942 | |c BK | ||
| 999 | |c 217798 |d 217798 | ||
| 952 | |0 0 |1 0 |4 0 |7 0 |9 231940 |a STA |b STA |d 2019-12-11 |l 0 |p STA05461 |r 2019-12-11 |t 1 |w 2019-12-11 |y BK | ||